Richer than all his tribe / (Record no. 186795)
[ view plain ]
| 000 -LEADER | |
|---|---|
| fixed length control field | 01043 a2200193 4500 |
| 003 - CONTROL NUMBER IDENTIFIER | |
| control field | NUST |
| 005 - DATE AND TIME OF LATEST TRANSACTION | |
| control field | 20230124184959.0 |
| 010 ## - LIBRARY OF CONGRESS CONTROL NUMBER | |
| LC control number | 71363161 |
| 020 ## - INTERNATIONAL STANDARD BOOK NUMBER | |
| International Standard Book Number | 0304923710 |
| 035 ## - SYSTEM CONTROL NUMBER | |
| System control number | (DLC) 71363161 |
| 040 ## - CATALOGING SOURCE | |
| Transcribing agency | Nust |
| 082 00 - DEWEY DECIMAL CLASSIFICATION NUMBER | |
| Classification number | 823,MON |
| 100 1# - MAIN ENTRY--PERSONAL NAME | |
| Personal name | Monsarrat, Nicholas, |
| 9 (RLIN) | 107578 |
| 245 10 - TITLE STATEMENT | |
| Title | Richer than all his tribe / |
| Statement of responsibility, etc. | Nicholas Monsarrat |
| 260 ## - PUBLICATION, DISTRIBUTION, ETC. | |
| Place of publication, distribution, etc. | London, |
| Name of publisher, distributor, etc. | Cassell, |
| Date of publication, distribution, etc. | 1968. |
| 300 ## - PHYSICAL DESCRIPTION | |
| Extent | [8], 369 p.; |
| Other physical details | map. |
| Dimensions | 22 cm. |
| 505 ## - FORMATTED CONTENTS NOTE | |
| Formatted contents note | It S Is My Earnest Hope That Given Good (Page-1), Despite The Difficulties Of The Past(Page-38),Under The Wise Guidance Of (Page-51),A Republic Within The Commonwealth (Page-90), The Distinguished Delegate Form (Page-114),Certain Economic And Other Measures Have Now Been (Page-180), Let Our Watchword Be One People On Leader (Page-561),Returning To London For Routing Consultations (Page-309),Firm Measures Are Now Being Taken (Page-331),Certain Differences Of Approach Have Become Apparent (Page-358), The Future Lies Before Us, Clear And Full Of (Page-365). |
| 942 ## - ADDED ENTRY ELEMENTS (KOHA) | |
| Source of classification or shelving scheme | |
| Koha item type | Book |
| Call number prefix | 823,MON |
| Withdrawn status | Lost status | Source of classification or shelving scheme | Damaged status | Not for loan | Permanent Location | Current Location | Shelving location | Date acquired | Full call number | Barcode | Date last seen | Price effective from | Koha item type | Public note |
|---|---|---|---|---|---|---|---|---|---|---|---|---|---|---|
| Military College of Signals (MCS) | Military College of Signals (MCS) | General Stacks | 12/12/2016 | 823,MON | MCS30003 | 12/08/2016 | 12/12/2016 | Book | Almirah No.57, Shelf No.6 |
